| 000 | 01096aam a2200421 4500 | ||
|---|---|---|---|
| 005 | 20250623152754.0 | ||
| 008 | 150810b1991 xxu||||| |||| 00| 0 spa d | ||
| 020 | _a9686356401 | ||
| 041 | _aESP | ||
| 082 | _a614.1 T277m | ||
| 100 |
_aTello Flores, Francisco Javier _937112 |
||
| 245 | _aMedicina Forense | ||
| 260 | _aMéxico | ||
| 260 | _bHarla | ||
| 260 | _c1991 | ||
| 300 | _a372 páginas | ||
| 490 | _aColección textos jurídicos universitarios | ||
| 490 | _aInvestigación Criminal | ||
| 650 | _aMEDICINA FORENSE | ||
| 650 | _aAUTOPSIAS | ||
| 650 | _aLESIONOLOGÍA | ||
| 650 | _aHERIDAS POR ARMA DE FUEGO | ||
| 650 | _aASFIXIA | ||
| 650 | _aQUEMADURAS | ||
| 650 | _aACCIDENTOLOGÍA VIAL | ||
| 650 | _aTRAUMATISMOS | ||
| 650 | _aSUICIDIOS | ||
| 650 | _aIDENTIFICACIÓN DEL CADÁVER | ||
| 650 | _aDELITOS SEXUALES | ||
| 650 | _aABORTO | ||
| 650 | _aINFANTICIDIO | ||
| 650 | _aTOXICOLOGÍA | ||
| 650 | _aTOXICOMANÍA | ||
| 650 | _aODONTOLOGÍA FORENSE | ||
| 650 | _aTRASPLANTE DE ÓRGANOS | ||
| 650 | _aNEGLIGENCIA PROFESIONAL | ||
| 942 |
_cBK _2ddc |
||
| 999 |
_c558 _d558 |
||